Statistiken für Sachsen - KFZ Kennzeichen

Klicken Sie hier um das Quiz zu spielen!

Allgemein

  • Dieses Quiz wurde 112 mal gespielt
    (52 seit der letzten Aktualisierung)
  • Das Durchschnittsergebnis liegt bei 28 aus 47

Antwortstatistiken

codecity% Korrekt
DDDresden
100%
CChemnitz
98%
ZZwickau
98%
ERZErzgebirge
96%
LLeipzig
93%
MEIMeißen
93%
ANAAnnaberg
91%
PIRPirna
91%
BZBautzen
89%
PLPlauen
89%
VVogtland
89%
AUAue
83%
HYHoyerswerda
74%
ZIZittau
74%
GRGörlitz
70%
RIERiesa
70%
FTLFreital
65%
DZDelitzsch
63%
FLÖFlöha
63%
GRMGrimma
63%
LÖBLöbau
63%
TGTorgau
63%
KMKamenz
61%
WURWurzen
59%
BIWBischofswerda
57%
GCGlauchau
54%
NYNiesky
54%
OZOschatz
54%
WSWWeißwasser
54%
SEBSebnitz
52%
DWDippoldiswalde
48%
GRHGroßenhain
46%
ZPZschopau
46%
BNABorna
43%
DLDöbeln
41%
MWMittweida
41%
MABMarienberg
39%
AEAuerbach
37%
WDAWerdau
37%
HOTHohenstein-Ernstthal
35%
SZBSchwarzenberg
35%
STLStollberg
35%
BEDBrand-Erbisdorf
30%
GHAGeithain
30%
RCReichenbach
28%
RLRochlitz
28%
HCHainichen
24%

Verteilung der Resultate

Perzentil nach korrekt beantworteten Fragen

Anzahl Personen mit jedem Resultat

Ihre Resultats-Entwicklung

Sie haben dieses Quiz seit der letzten Aktualisierung nicht gespielt